000 00413nam a22001457a 4500
008 240719b |||||||| |||| 00| 0 eng d
020 _a0273014633
050 _aHF 5635 Siz
100 _93148
_aSizer, John
245 _aAn insight into management accounting
_c/ by John Sizer
250 _aSecond edition
260 _aLondon :
_bPitman Publishing,
_c1979
300 _a525 pages : illustrations
942 _2lcc
999 _c85184
_d85184